000 00257nam a2200097Ia 4500
005 20251222175817.0
008 251222s9999||||xx |||||||||||||| ||spa||
082 _aDVD0121/C72/2002
245 0 _aConcierto Andino (Orquesta sinfónica andina TDV):
942 _cDVD
999 _c40359
_d40359